| 000 | 00344nam a2200133Ia 4500 | ||
|---|---|---|---|
| 005 | 20260326100040.0 | ||
| 008 | 260326s9999||||xx |||||||||||||| ||und|| | ||
| 100 | _aArcila Farias,Eduardo | ||
| 245 | 0 |
_aHistoria de la IngenierĂa en Venezuela / _cEduardo Arcila Farias |
|
| 260 | _bArte | ||
| 300 | _a585 p. | ||
| 650 | _aURBANISMO | ||
| 942 | _cBK | ||
| 999 |
_c6982 _d6982 |
||